000
002730000a22000970004500
100
1
_a
Maccoby, Hyam (1924-)
245
1
0
_a
The law about liquids : A rejoinder
300
_a
Núm 67 (1997), Páginas 115-122
773
0
_t
Journal for the Study of the New Testament
942
_c
ANA
999
_c
56057
_d
56057